Word Ladder: All Together Now Quiz Stats

 Plays Quiz Updated Nov 22, 2015

Score 0/32 Timer 04:00
0 Plays Today
Clue 4-Letter Word % Correct
Ladder 1THIN
97.1%
Ladder 1●SAIL●
96.1%
Ladder 1THIS
96%
Ladder 2CHEW
95.6%
Ladder 2CREW
95%
Ladder 1●SHIP●
94.2%
Ladder 1PAIL
94%
Ladder 2●TREE●
93.5%
Ladder 2CROW
93.4%
Ladder 1SHIN
92.8%
Ladder 4TONK
92.7%
Ladder 2CHOW
92.7%
Ladder 2CROP
92.3%
Ladder 4TIME
92.1%
Ladder 2●CHOP●
91.1%
Ladder 4TINK
90.8%
Clue 4-Letter Word % Correct
Ladder 4TINE
89.9%
Ladder 2CREE
89.6%
Ladder 3SKIS
89.4%
Ladder 4●AT ME●
89%
Ladder 3SEIS
87.5%
Ladder 4●LOOK●
85.6%
Ladder 4AIME
85%
Ladder 3SETS
84%
Ladder 3●SKIP●
80.7%
Ladder 4TOOK
80.7%
Ladder 3ROTS
80.2%
Ladder 1PHIL
79.4%
Ladder 1PHIS
76.8%
Ladder 3SOTS
76.2%
Ladder 3ROTE
72.6%
Ladder 3●ROPE●
71.8%

Today's Daily Dose

Missing Word
Fall Out Boy Songs

Word Ladder
Movies of 1999

Get the Picture
Pie Charts II

You're not logged in!

Compare scores with friends on all Sporcle quizzes.
OR
Log In

Show Comments

Extras

Top Quizzes Today


Score Distribution

Your Account Isn't Verified!

In order to create a playlist on Sporcle, you need to verify the email address you used during registration. Go to your Sporcle Settings to finish the process.

Report this User

Report this user for behavior that violates our Community Guidelines.

Details: